Śląskie Kluby Piłkarskie (woj. Śląskie) - Statystyki

Ogólne statystyki
  • Ten quiz został rozwiązany 360 razy
    347 od ostatniego zresetowania
  • Średni wynik to 7 z 10
Statystyki odpowiedzi
Hint Odpowiedź % Poprawnych
2. Górnik Zabrze
95%
3. GKS Katowice
93%
1. Ruch Chorzów
93%
9. Piast
82%
7. Raków
73%
4. GKS Tychy
69%
10. Zagłębie
64%
6. Podbeskidzie
50%
8. ROW
46%
5. GKS Jastrzębie
34%
Nie znaleziono quizów pasujących do podanych kryteriów
Rozkład punktacji
Procent ludzi z każdym wynikiem
Percentyl według liczby udzielonych odpowiedzi
Twoja historia wyników
Nie rozwiązałeś tego quizu od ostatniego zresetowania